| 000 | 00784nam a2200217 i 4500 | ||
|---|---|---|---|
| 001 | 165736 | ||
| 003 | ES-MaACL | ||
| 005 | 20230906213210.0 | ||
| 008 | 050905q1906 fr a | |||||||| ||fre d | ||
| 040 |
_aCAM _bspa _cCAM |
||
| 100 | 1 |
_aStein, Henri. _9108031 |
|
| 245 | 1 | 4 |
_aLes architectes des cathedrales gothiques _b: étude critique illustrée de vingt-quatre planches hors texte / _cpar Henri Stein. |
| 260 |
_aParis : _bHenri Laurens : _bLibriarie Renouard, _c[1906?] ( _eCorbeil : _fImprimerie Crété) |
||
| 300 |
_a126 p. : _bil. ; _c22 cm. |
||
| 490 | 1 | _aLes grands artistes | |
| 650 | 0 | 4 |
_aArquitectura gótica. _910027 |
| 650 | 4 |
_aArquitectos. _9149652 |
|
| 830 | 0 |
_aLes grands artistes _9188567 |
|
| 852 |
_aES-MaACL _jF-6556 _z-- Rúst. |
||
| 999 |
_c165736 _d165736 |
||